| 000 -CABECERA |
| fixed length control field |
02162nam a22003257a 4500 |
| 003 - IDENTIFICADOR DEL NÚMERO DE CONTROL |
| control field |
AR-CdUCM |
| 008 - DATOS DE LONGITUD FIJA--INFORMACIÓN GENERAL |
| fixed length control field |
190425b ||||| |||| 00| 0 spa d |
| 040 ## - FUENTE DE LA CATALOGACIÓN |
| Agencia/entidad que catalogó originalmente la obra |
MUNICIPALIDAD PROVINCIAL DEL CUSCO |
| Entidad que transcribió la catalogación |
BIBLIOTECA MUNICIPAL DEL CUSCO |
| 082 ## - NÚMERO DE LA CLASIFICACIÓN DECIMAL DEWEY |
| No. de Clasificación |
Rev.Allp/N°45/1995 |
| 110 ## - ENTRADA PRINCIPAL--NOMBRE DE ENTIDAD CORPORATIVA |
| Nombre de la institución, jurisdicción como entrada principal |
Instituto de Pastoral Andina |
| 9 (RLIN) |
12766 |
| 245 ## - MENCIÓN DE TÍTULO |
| Título |
Allpanchis Phuturinqa : |
| Resto del título |
Revista Anual / |
| 260 ## - PUBLICACIÓN, DISTRIBUCIÓN, ETC. |
| Lugar de publicación, distribución, etc. |
Lima : |
| Nombre de la editorial, distribuidor, etc. |
Tarea Asociación Gráfica Educativa, |
| Fecha de publicación, distribución, etc. |
1995. |
| 300 ## - DESCRIPCIÓN FÍSICA |
| Nº de Páginas Extensión |
260 páginas. : |
| Otros detalles físicos |
mapas ; |
| Dimensiones |
20 cm. |
| 440 ## - MENCIÓN DE SERIE/PUNTO DE ACCESO ADICIONAL--TÍTULO |
| Título |
Revista del Instituto de Pastoral Andina Cusco |
| Número de la parte/sección de una obra |
Año XXVII, 1995,N°45.Vol.[XLI] |
| 9 (RLIN) |
46268 |
| 505 ## - NOTA DE CONTENIDO CON FORMATO |
| Nota de contenido formateada |
Contenido: Los andes entre el Pacifico y el Atlántico interconexión vial e integración bioceánica. -- Transoceánica y agenda regional. Javier Iguiñiz Echeverria. -- Espacio amazónico e integración sudamericana. Roberto Chiarella. -- La transoceánica Perú Brasil los contradictorios intereses de Estados Unidos y Japón. Enrique Amayo Zevallos. -- Perú y Brasil entre el Pacifico y el Atlántico espacio sur andino e integración sudamericana. Luis Chuquihuara Chil. -- Integración fronteriza peruana brasileña situación y perspectivas. Gustavo Lembcke Hoyle. -- Integración para el desarrollo complementación económica y cooperación fronteriza peruano brasileña. Julio Diaz Palacios. -- La integración física interconexión vial transoceánica Santos Ilo. Jaime Llosa Larrabure. -- De las comunidades fronterizas a la cuenca del Pacifico a propósito de las relaciones entre el sur peruano y Acre Rondonia. Oscar Paredes Pando. -- Amazonia las lecciones del caos. Aziz Ab´Saber. |
| 650 ## - PUNTO DE ACCESO ADICIONAL DE MATERIA--TÉRMINO DE MATERIA |
| Descriptor |
Interconexión vial |
| 9 (RLIN) |
46269 |
| 650 ## - PUNTO DE ACCESO ADICIONAL DE MATERIA--TÉRMINO DE MATERIA |
| Descriptor |
Amazonía |
| 9 (RLIN) |
3433 |
| 650 ## - PUNTO DE ACCESO ADICIONAL DE MATERIA--TÉRMINO DE MATERIA |
| Descriptor |
Integración sudamericana |
| 9 (RLIN) |
46270 |
| 650 ## - PUNTO DE ACCESO ADICIONAL DE MATERIA--TÉRMINO DE MATERIA |
| Descriptor |
Océano Pacífico |
| 9 (RLIN) |
21702 |
| 650 ## - PUNTO DE ACCESO ADICIONAL DE MATERIA--TÉRMINO DE MATERIA |
| Descriptor |
Océano Atlántico |
| 9 (RLIN) |
46271 |
| 650 ## - PUNTO DE ACCESO ADICIONAL DE MATERIA--TÉRMINO DE MATERIA |
| Descriptor |
Frontera Perú Brasil |
| 9 (RLIN) |
46272 |
| 700 ## - PUNTO DE ACCESO ADICIONAL--NOMBRE DE PERSONA |
| Nombre Personal |
Iguíñiz Echeverría, Javier |
| 9 (RLIN) |
46273 |
| 700 ## - PUNTO DE ACCESO ADICIONAL--NOMBRE DE PERSONA |
| Nombre Personal |
Chiarella, Roberto |
| 9 (RLIN) |
46274 |
| 700 ## - PUNTO DE ACCESO ADICIONAL--NOMBRE DE PERSONA |
| Nombre Personal |
Amayo Zevallos, Enrique |
| 9 (RLIN) |
46275 |
| 700 ## - PUNTO DE ACCESO ADICIONAL--NOMBRE DE PERSONA |
| Nombre Personal |
Chuquihuara Chil, Luis |
| 9 (RLIN) |
46276 |
| 700 ## - PUNTO DE ACCESO ADICIONAL--NOMBRE DE PERSONA |
| Nombre Personal |
Lembcke Hoyle, Gustavo |
| 9 (RLIN) |
46277 |
| 942 ## - ELEMENTOS DE PUNTO DE ACCESO ADICIONAL (KOHA) |
| Fuente de clasificación |
|
| Tipo de item |
Revistas cusqueñas |
| 945 ## - PROCESAMIENTO DE INFORMACIÓN LOCAL (OCLC) |
| Catalogador |
rac |